000 06757cam a22012734i 4500
003 PE-LiUPU
005 20250813185524.0
008 150625s2006 sp a r 000 0 spa d
020 _a8480558938
020 _a9788480558938
035 _a(Sirsi) i9788480558938
040 _aPE-LiUPU
_bspa
_cPE-LiUPU
_dPE-LiUPU
_erda
049 _aPRUA
082 0 4 _a303.372
_bC72
_221
100 1 _aCobos, Hugo,
_eautor.
245 1 4 _aLos valores :
_ben la convivencia humana /
_cHugo Cobos [y otros cuatro].
264 1 _aMadrid :
_bCultural,
_c2006.
300 _a447 páginas :
_bilustraciones ;
_c28 centímetros
336 _atext
_2rdacontent
337 _aunmediated
_2rdamedia
338 _avolume
_2rdacarrier
505 0 _aUrbanidad en el ámbito público y privado -- Normas de comportamiento social -- Urbanidad en la vida privada -- Urbanidad en la vida pública -- Invitaciones, condolencias y gestos de solidaridad para eventos públicos -- Reglas básicas de urbanidad -- Antes, durante, después -- Uso de los espacios públicos -- Espacio público y existencia humana -- Uso de los espacios públicos -- Etiqueta y relacionamiento social -- Uso de las tarjetas -- Las tarjetas de visita, negocios, esquelas -- Cena -- Servir la cena -- Montaje de la mesa -- Cenas sin personal de apoyo -- Cena con invitados -- Cenas en un restaurante -- Cena buffet -- Observaciones generales con relación al uso de cubiertos, vasos, copas y tazas -- Maneras de servir diferentes clases de alimentos -- Relacionamiento social -- El nacimiento de un niño o una niña -- Bautismo -- Cumpleaños -- Primera comunión y confirmación -- Fiesta de quince años (rosada) -- Proclamación del abanderado o abanderada -- Obtención del título de bachiller -- Graduación de un profesional -- Matrimonio -- La boda -- Exaltación a una reina -- Triunfo deportivo -- Premios y estímulos especiales -- Presentación de una obra -- Aniversario de bodas -- Funeral de un familiar -- Solución de conflictos -- La teoría del conflicto -- Estilos de resolución de conflictos -- Estrategias de resolución de conflictos -- La comunicación -- Estilos de resolución de conflictos -- El acompañamiento neurolingüística -- La negociación -- La mediación -- Celebraciones internacionales y eventos importantes en la vida -- Día mundial de la no violencia y la paz -- Día del amor y la amistad -- Día internacional de la lengua materna -- Día de la Naciones Unidas para los derechos de la mujer y la paz internacional -- Semana de la solidaridad con los pueblos que luchan contra el racismo y la discriminación racial -- Día mundial del agua -- Día mundial de la salud -- Día mundial de la tierra -- Día mundial del libro y los derechos del autor -- Día mundial de la propiedad intelectual -- Día de la secretaria -- Día internacional del trabajo -- Día mundial de la libertad de prensa -- Día internacional de las familias -- Día de la madre -- Día internacional de la diversidad biológica -- Día mundial sin tabaco -- Día internacional de los niños inocentes víctimas de agresión -- Día mundial del medio ambiente -- Día del padre -- Día mundial del refugiado -- Día internacional de la lucha contra el uso indebido y el tráfico ilícito de drogas -- Día internacional de apoyo a las víctimas de la tortura -- Día mundial de la población -- Día internacional de las poblaciones indígenas -- Día internacional de la juventud -- Día internacional de la solidaridad -- Día internacional de la alfabetización -- Día internacional de la preservación de la capa de ozono -- Día internacional de la paz -- Día internacional de las personas de edad -- Día mundial de los profesores -- Día mundial de la salud mental -- Día internacional para la reducción de los desastres naturales -- Día internacional para la erradicación de la pobreza -- Semana del desarme -- Día internacional para la prevención de la explotación del medio ambiente en la guerra y los conflictos armados -- Día internacional para la tolerancias -- Día universal del niño -- Día mundial de la televisión -- Día mundial de la lucha contra el SIDA -- Día internacional de la abolición de la esclavitud -- Día internacional de las personas con discapacidad -- Día internacional de los voluntarios para el desarrollo económico y social -- Día de los derechos humanos. -- Día internacional del migrante -- Navidad.
526 _aP202
526 _aP201
526 _aP163
526 _aP162
526 _aP161
526 _aP160
526 _aP148
526 _aP147
526 _aP146
526 _aP145
526 _aP144
526 _aP143
526 _aP142
526 _aP141
526 _aP140
526 _aP139
526 _aP138
526 _aP137
526 _aP136
526 _aP135
526 _aP134
526 _aP133
526 _aP129
526 _aP128
526 _aP127
526 _aP120
526 _aP119
526 _aP118
526 _aP116
526 _aP115
526 _aP114
526 _aP110
526 _aP109
526 _aP108
526 _aP104
526 _aP103
526 _aP102
526 _aP99
526 _aP98
526 _aP97
526 _aP96
526 _aP95
526 _aP93
526 _aP90
526 _aP89
526 _aP88
526 _aP83
526 _aP82
526 _aP62
526 _aP59
526 _aP58
526 _aP57
526 _aP51
526 _aP49
526 _aP48
526 _aP47
526 _aP29
526 _aP24
526 _aP20
526 _aP19
526 _aP17
526 _aP15
526 _aP14
526 _aP12
526 _aP10
526 _aP09
526 _aP08
526 _aP07
526 _aP06
526 _aP05
526 _aP04
526 _aP01
541 _g001-0006896;
650 0 4 _aCortesía.
650 0 4 _aEtiqueta.
_9273
650 0 4 _aUrbanidad
_vManuales, etc.
650 0 4 _aValores.
700 1 _aLadino Javier,
_eautor.
700 1 _aLuna Milton,
_eautor.
700 1 _aMolina, Violeta,
_eautor.
700 1 _aReyes, Natacha,
_eautor.
942 _2ddc
_cBOOK
949 _a303.372 V24
_wDEWEY
_c1
_i57158
_d2016-9-4
_e2016-9-1
_lCCODEBUL1
_mBUL
_n3
_p46.00
_r0
_sY
_tBOOK
_u2015-6-25
_xFCE
_zAGB
_0COMPRA
_o.STAFF. Colección Ciencias Empresariales
994 _aC0
_bPEPRU
596 _a1
999 _a303.372 V24
_wDEWEY
_c46274
_i57158
_d46274
_e2016-9-1
_f2021-11-5
_g7
_lCCODEBUL1
_mBUL
_n3
_p46.00
_r0
_sY
_tBOOK
_u2015-6-25
_xFCE
_zAGB
_0COMPRA
_o.STAFF. Colección Ciencias Empresariales
980 _81
_gALBERTO SANCHEZ Responsable de Automatización